000 00263nam a22001097a 4500
008 170119b xxu||||| |||| 00| 0 eng d
020 _a9780721666945
041 _aeng
080 _a618.2
245 _aHANDBOOK OF NURSE ANESTHESIA
_cNAGELHOUT, J.J
942 _2udc
_cBK
999 _c3147
_d3147